000 00466nam a2200181 a 4500
001 4647
003 CO-ViMGA
008 141112s2004 ck r 000 u spa d
040 _aCO-ViMGA
_bspa
_cCO-ViMGA
082 0 4 _aPe863.44 B792m
100 1 _aBryce Echenique, Alfredo
_96580
245 1 0 _aMuerte de sevilla en madrid
260 _aMadrid :
_bALianza,
_c1994
300 _a62 p
490 _aAlianza cien, 38
650 1 4 _aNOVELA PERUANA
_94130
942 _2ddc
_cBK
999 _c16657
_d16657